Detalles MARC
| 000 -LÍDER |
| Campo fijo de descripción fija |
02552nam a2200385 i 4500 |
| 001 - NÚMERO DE CONTROL |
| Campo de control |
768714001 |
| 003 - IDENTIFICADOR DEL NÚMERO DE CONTROL |
| Campo de control |
CO-MdFUSB |
| 005 - FECHA Y HORA DE LA ULTIMA TRANSACCIÓN |
| control field |
20260414105057.0 |
| 007 - CAMPO FIJO DE DESCRIPCIÓN FIJA--INFORMACIÓN GENERAL |
| Campo fijo de descripción fija |
ta |
| 008 - ELEMENTOS DE LONGITUD FIJA -- INFORMACIÓN GENERAL |
| Campo fijo de descripción fija -- Información general |
240924t1992 -us||||| |||| 001 0 eng d |
| 020 ## - NÚMERO INTERNACIONAL NORMALIZADO PARA LIBROS |
| Número Internacional Normalizado del libro |
0-310-21762-8 |
| 040 ## - FUENTE DE CATALOGACIÓN |
| Idioma de catalogación |
spa. |
| Agencia de catalogación original |
CO-MdFUSB |
| Agencia que realiza la transcripción |
CO-MdFUSB |
| Agencia que realiza la modificación |
CO-MdFUSBC |
| Convenciones de la descripción |
rda |
| 041 ## - CÓDIGO DE IDIOMA |
| Código de idioma para texto/pista de sonido o título separado |
spa |
| 082 ## - NÚMERO DE CLASIFICACIÓN DECIMAL DEWEY |
| Número de la edición del Dewey |
23 |
| Número de clasificación |
220.601 |
| Clave de autor-Numero de item |
T448 |
| 100 ## - ASIENTO PRINCIPAL--NOMBRE PERSONAL |
| Nombre personal |
Thiselton, Anthony C. |
| Término relacionador |
autor |
| 245 1# - TÍTULO |
| Título del Material |
New Horizons in Hermeneutics : |
| Parte restante del título - Subtitulo |
the theory and practice of transforming biblical reading |
| Mención de responsabilidad, etc. |
/ Anthony C. Thiselton |
| 264 #1 - PRODUCCIÓN, PUBLICACIÓN, DISTRIBUCIÓN, MANUFACTURA, Y COPYRIGHT |
| Lugar de producción, publicación, distribución, manufactura |
Grand Rapids, Michigan : |
| Nombre del productor, publicador, distribuidor |
Zondervan Publishing House, |
| Fecha de producción, publicación, distribución, manufactura, o copyright |
[1992] |
| 264 #4 - PRODUCCIÓN, PUBLICACIÓN, DISTRIBUCIÓN, MANUFACTURA, Y COPYRIGHT |
| Fecha de producción, publicación, distribución, manufactura, o copyright |
©1992 |
| 300 ## - DESCRIPCIÓN FÍSICA |
| Extensión |
703 páginas |
| Dimensiones |
; 24 cm |
| 336 ## - TIPO DE CONTENIDO |
| Fuente |
rdacontent |
| Término de tipo de contenido |
texto |
| Código de tipo de contenido |
txt |
| 337 ## - TIPO DE MEDIO |
| Fuente |
rdamedia |
| Nombre del tipo de medio |
sin mediación |
| Código del tipo de medio |
n |
| 338 ## - TIPO DE SOPORTE |
| Fuente |
rdacarrier |
| Nombre del tipo de soporte |
volumen |
| Código Tipo de soporte |
nc |
| 500 ## - NOTA GENERAL |
| Nota General |
Incluye índice de autores, índice de temas (incluye índice de definiciones de términos) Índice de referencias bíblicas e índice de fuentes extra bíblicas antiguas<br/> |
| 505 ## - NOTA DE CONTENIDO |
| Información miscelánea |
Transformando textos: observaciones preliminares. -- ¿Qué es un texto? -- Paradigmas cambiantes de la textualidad. -- Desde la semiótica o la deconstrucción y las teorías posmodernistas de la textualidad. -Interpretación bíblica pre moderna: la hermenéutica de la tradición. -- La hermenéutica de la investigación: de la reforma a la teoría moderna. -- La hermenéutica del entendimiento de Schleiermacher. -- Paulina y otros textos a la luz de una hermenéutica del entendimiento. -- La hermenéutica de la auto involucración: de los modelos existencialistas a la teoría de los actos de habla. --La hermenéutica de la sospecha y la recuperación: la teoría hermenéutica de Paul Ricoeur. -- La hermenéutica de la teoría socio crítica: su relación con la hermenéutica socio-pragmática y con las teologías de la liberación. -- La hermenéutica de las teologías de la liberación y las teologías feministas: vertientes socio-críticas y socio-pragmáticas. -- La hermenéutica de la lectura en el contexto de la teoría literaria. -- La hermenéutica de la lectura en las teorías de la respuesta del lector sobre el significado literario. -- La hermenéutica de la teología pastoral.<br/> |
| 563 ## - NOTA DE ENCUADERNACIÓN |
| Nota de encuadernación |
Rústica |
| 650 #0 - ASIENTO SECUNDARIO DE MATERIA - TERMINO TEMÁTICO |
| Término temático o nombre geográfico como elemento de entrada |
Biblia |
| 9 (RLIN) |
16 |
| 653 ## - TÉRMINO DE INDIZACIÓN - NO CONTROLADO |
| Término no controlado |
Biblia — Hermenéutica |
| 653 ## - TÉRMINO DE INDIZACIÓN - NO CONTROLADO |
| Término no controlado |
Interpretación bíblica |
| 653 ## - TÉRMINO DE INDIZACIÓN - NO CONTROLADO |
| Término no controlado |
Exégesis bíblica |
| 653 ## - TÉRMINO DE INDIZACIÓN - NO CONTROLADO |
| Término no controlado |
Filosofía de la interpretación |
| 653 ## - TÉRMINO DE INDIZACIÓN - NO CONTROLADO |
| Término no controlado |
Hermenéutica teológica |
| 942 ## - TIPO DE MATERIAL (KOHA) |
| Tipo de Item KOHA |
Libros General |
| 945 ## - INFORMACIÓN LOCAL DEL REGISTRO |
| Catalogador |
Catherine Arias Alvarez |